LIBRARY & INFORMATION CENTRE, KCAET, TAVANUR

ONLINE PUBLIC ACCESS CATALOGUE (OPAC)

Hydrology for Engineers (Record no. 19037)

MARC details
000 -LEADER
fixed length control field 00303nam a22001217a 4500
003 - CONTROL NUMBER IDENTIFIER
control field OSt
008 - FIXED-LENGTH DATA ELEMENTS--GENERAL INFORMATION
fixed length control field 250116b |||||||| |||| 00| 0 eng d
041 ## - LANGUAGE CODE
Language code of text/sound track or separate title eng
100 ## - MAIN ENTRY--AUTHOR NAME
Personal name Linsley, RK
245 ## - TITLE STATEMENT
Title Hydrology for Engineers
260 ## - PUBLICATION, DISTRIBUTION, ETC. (IMPRINT)
Place of publication New York:
Name of publisher McGraw Hill International Book,
Year of publication 1984.
942 ## - ADDED ENTRY ELEMENTS (KOHA)
Koha item type Books
Holdings
Withdrawn status Lost status Damaged status Home library Current library Date acquired Source of acquisition Cost, normal purchase price Accession Number Koha item type
Withdrawn     KAUAET KAUAET 16/01/2025 Higgin BothGrees, Ernakulam 108.90 15413 Books
free website counter